| 000 | 01252nam0a22003011 4500 | ||
|---|---|---|---|
| 001 | rc\4230252 | ||
| 005 | 20260406220851.0 | ||
| 021 |
_aRU _b[58-44319] |
||
| 035 | _a(NLR Aleph) 008464241 | ||
| 090 |
_a7888736 _c7888736 |
||
| 100 | _a20130416d1958 |||y0rusy50 ca | ||
| 101 | 0 | _arus | |
| 102 | _aRU | ||
| 105 | _aa b ||||| | ||
| 200 | 1 |
_aКаталог _f[Предисл. М. Абдуллаева] |
|
| 210 |
_aМосква _cБ. и. _d1958 |
||
| 215 |
_a12 с. _cил. _d21 |
||
| 300 | _aНа тит. л. и обл.: М. Абдуллаев. 45 дней в Венгрии | ||
| 512 | 0 | _aМ. Абдуллаев. 45 дней в Венгрии | |
| 606 |
_aВенгрия в изобразительном искусстве _xВыставки _z1958 _yМосква _2psbo |
||
| 702 | 1 |
_4440 _4040 _7ca _8rus _aАбдуллаев _bМ. Г. оглы _f1921-2002 _gМикаил Гусейн оглы _9246451 _3RU\NLR\AUTH\770246507 |
|
| 710 | 1 | 0 |
_aАбдуллаев, _gМикаил Гусейн оглы _hВыставка работ "45 дней в Венгрии" _f1958 _eМосква _3RU\NLR\AUTH\889975433 _9447793 |
| 801 | 0 |
_aRU _bNLR _gpsbo |
|
| 801 | 1 |
_aRU _bELAR _2rusmarc |
|
| 852 |
_aNLR _bЭ _jКП/А139 |
||
| 942 | _cBOOK | ||
| 980 | _aNB | ||